|
|
|
|
| LEADER |
00000cam a2200000 a 4500 |
| 001 |
025185 |
| 003 |
UAHC_CL |
| 005 |
20170803122501.0 |
| 008 |
030830b xx j 000 1 eng |
| 020 |
|
|
|a 0941103013
|
| 040 |
|
|
|a UAHC_CL
|c UAHC_CL
|d UAHC_CL
|
| 100 |
1 |
|
|a Ward, Philip
|
| 245 |
1 |
3 |
|a La conservación del patrimonio :
|b carrera contra reloj /
|c Philip Ward.
|
| 250 |
|
|
|a 2a.ed.
|
| 260 |
|
|
|b The Getty Conservation
|a California
|c 1992
|
| 300 |
|
|
|a 69 p.
|
| 521 |
|
|
|a Arte, Cultura y folclore I
|
| 653 |
|
|
|a Antropología
|
| 658 |
|
|
|a Seelenfreund, Andrea
|
| 900 |
|
|
|a ANT 765
|
| 942 |
|
|
|c BK
|
| 952 |
|
|
|0 0
|1 0
|4 0
|6 ANT_765_000000000000000
|7 0
|8 General
|9 51053
|a BC
|b BC
|c General
|d 2017-08-03
|l 0
|o ANT 765
|p 1340138
|r 2019-01-03 00:00:00
|t 2
|w 2017-08-03
|y BK
|
| 999 |
|
|
|c 25185
|d 25185
|